zpět

Detail výsledku týmu

Hospoda U Stolínů, Nový Bydžov

Datum a čas kvízu

30 Celkem bodů Celkový počet nahraných bodů na tomto kvízu bez doplňovacích otázek.
4. Pořadí na kvízu Konečné umístění týmu na tomto kvízu.

Zaznamenané odpovědi

# Otázka Odpověď Body Výsledky
1. Pražští radní jednohlasně rozh... o zrušení ohňostroje (pořádaného městem) 1
2. Vůdce brazilského drogového ga... v převleku za svou dceru, která ho přišla navštívit 0
3. Do českých kin minulý čtvrtek... Toy Story: Příběh hraček 1
4. Velká pardubická steeplechase... Česká pojišťovna 1
5. Americký basketbalista Donell... že je těhotný 0
6. V tomto tématu stačí vždy odpo... ANO 0
7. Italský fotbalový klub AC Milá... NE 0
8. Moravská Třebová je město na v... NE 0
9. YouTube je internetový server... NE 1
10. Tolstolobik bílý je sladkovodn... NE 1